Statistiche per Acquisti più costosi - Juventus

Clicka qui per fare il quiz!

Statistiche generali

  • Questo quiz è stato fatto 192 volte
  • Il punteggio medio è 19 su 21

Statistiche sulle risposte

Costo (M €)DaNazioneAnnoCalciatore% Corretto
90NapoliArgentina2016Gonzalo Higuaín
100%
117Real MadridPortogallo2018Cristiano Ronaldo
99%
81,60FiorentinaSerbia2022Dušan Vlahović
99%
42,50FiorentinaItalia2022Federico Chiesa
99%
52,88ParmaItalia2001Gianluigi Buffon
99%
41PalermoArgentina2015Paulo Dybala
99%
41TorinoBrasile2022Bremer
98%
85,50AjaxPaesi Bassi2019Matthijs de Ligt
97%
45LazioRepubblica Ceca2001Pavel Nedvěd
95%
35MilanItalia2018Leonardo Bonucci
92%
30SassuoloItalia2021Manuel Locatelli
92%
76BarcellonaBrasile2020Arthur Melo
91%
30EvertonItalia2021Moise Kean
91%
32RomaBosnia/Lussemburgo2015Miralem Pjanic
90%
37Manchester CityBrasile2019Danilo
89%
40,40ValenciaPortogallo2018João Cancelo
89%
40Bayern MonacoBrasile2018Douglas Costa
85%
40FiorentinaItalia2017Federico Bernardeschi
84%
36,15ParmaFrancia2001Liliam Thuram
81%
35AtalantaSvezia/Macedonia del Nord2020Dejan Kulusevski
76%
31,50GenoaArgentina2019Cristian Romero
48%

Distribuzione punteggi

Percentile per numero di risposta

Percentuale di utenti per punteggio

I tuoi punteggi nel tempo

Non hai fatto questo quiz